<?xml version="1.0" encoding="UTF-8"?>
<record
    xmlns:xsi="http://www.w3.org/2001/XMLSchema-instance"
    xsi:schemaLocation="http://www.loc.gov/MARC21/slim http://www.loc.gov/standards/marcxml/schema/MARC21slim.xsd"
    xmlns="http://www.loc.gov/MARC21/slim">

  <leader>02564nam a2200313 u 4500</leader>
  <controlfield tag="001">000000415673</controlfield>
  <controlfield tag="003">IT-MiSPE</controlfield>
  <controlfield tag="005">20250321120232.0</controlfield>
  <controlfield tag="008">141113s2013    it o          000 u ita d</controlfield>
  <datafield tag="020" ind1=" " ind2=" ">
    <subfield code="a">9788860306234</subfield>
    <subfield code="c">29,00 &#x20AC;</subfield>
  </datafield>
  <datafield tag="040" ind1=" " ind2=" ">
    <subfield code="a">IT-MiSPE</subfield>
    <subfield code="b">ita</subfield>
    <subfield code="d">fb</subfield>
    <subfield code="c">IT-MiSPE</subfield>
  </datafield>
  <datafield tag="041" ind1=" " ind2=" ">
    <subfield code="a">ita</subfield>
    <subfield code="h">ger</subfield>
  </datafield>
  <datafield tag="082" ind1=" " ind2=" ">
    <subfield code="a">193-SLO pe cr (ppv 23396)</subfield>
  </datafield>
  <datafield tag="100" ind1="1" ind2=" ">
    <subfield code="a">Sloterdijk, Peter,</subfield>
    <subfield code="d">1947-</subfield>
    <subfield code="9">61933</subfield>
  </datafield>
  <datafield tag="240" ind1="1" ind2="0">
    <subfield code="a">Kritik der zynischen Vernunft.</subfield>
    <subfield code="l">Italiano</subfield>
  </datafield>
  <datafield tag="245" ind1="1" ind2="0">
    <subfield code="a">Critica della ragion cinica /</subfield>
    <subfield code="c">Peter Sloterdijk ; edizione italiana a cura di Andrea Ermano e Mario Perniola.</subfield>
  </datafield>
  <datafield tag="260" ind1=" " ind2=" ">
    <subfield code="a">Milano :</subfield>
    <subfield code="b">Cortina,</subfield>
    <subfield code="c">2013.</subfield>
  </datafield>
  <datafield tag="300" ind1=" " ind2=" ">
    <subfield code="a">xxi, 369 p. :</subfield>
    <subfield code="b">fotogr. ;</subfield>
    <subfield code="c">22,5 cm</subfield>
  </datafield>
  <datafield tag="490" ind1="1" ind2=" ">
    <subfield code="a">Saggi ;</subfield>
    <subfield code="v">084</subfield>
  </datafield>
  <datafield tag="500" ind1=" " ind2=" ">
    <subfield code="a">Tit. orig.: Kritik der zynischen Vernunft</subfield>
  </datafield>
  <datafield tag="504" ind1=" " ind2=" ">
    <subfield code="a">Contiene riferimenti bibliografici</subfield>
  </datafield>
  <datafield tag="520" ind1=" " ind2=" ">
    <subfield code="a">&#x201C;Cinismo&#x201D; &#xE8; oggi sinonimo di insensibilit&#xE0;, di un&#x2019;amara disponibilit&#xE0; a farsi complice di qualsiasi cosa a qualunque prezzo. Ben altra natura possedeva il cinismo degli antichi, o quello che Nietzsche chiamava cynismus, una forma estrema di autodifesa che opponeva alla minaccia dell&#x2019;insensatezza sociale un nucleo irriducibile di sopravvivenza, la sfrontatezza vitale di una filosofia vissuta. Se il cynicus Diogene viveva in una botte, il &#x201C;cinico&#x201D; moderno aspira invece al potere e al successo. Critica della ragion cinica parte da questa contrapposizione per rileggere l&#x2019;intera storia della filosofia, sottoponendo a una serrata analisi il rapporto tra intellettuali e apparati di potere e il relativo strascico di sangue e ideologie.
Dalle esilaranti frecciate di Diogene contro Platone alla rivisitazione del Grande Inquisitore dostoevskijano, da Nietzsche e Heidegger alle drammatiche parabole della repubblica di Weimar e della rivoluzione russa, Sloterdijk mette a nudo i rischi estremi della falsa coscienza. Sostenuto da una inesauribile e travolgente forza satirica, intreccia provocatoriamente storia del pensiero e costumi sessuali, moda. arte, ideologia e mass media. E dopo aver tracciato una lucida diagnosi della catastrofe politico-morale del nostro tempo, ci indica una possibile terapia, attraverso il coraggio sereno e consapevole di un nuovo cynismus.
Quest&#x2019;opera &#xE8; stata accolta da J&#xFC;rgen Habermas come un &#x201C;capolavoro di letteratura filosofica&#x201D;.</subfield>
  </datafield>
  <datafield tag="655" ind1=" " ind2="7">
    <subfield code="a">Filosofia contemporanea</subfield>
    <subfield code="x">Saggi, varia.</subfield>
    <subfield code="9">61934</subfield>
  </datafield>
  <datafield tag="700" ind1="1" ind2=" ">
    <subfield code="a">Perniola, Mario,</subfield>
    <subfield code="e">ed.</subfield>
    <subfield code="9">61935</subfield>
  </datafield>
  <datafield tag="700" ind1="1" ind2=" ">
    <subfield code="a">Ermano, Andrea,</subfield>
    <subfield code="e">ed. ; tr.</subfield>
    <subfield code="9">61936</subfield>
  </datafield>
  <datafield tag="830" ind1=" " ind2="0">
    <subfield code="a">Saggi [Cortina] ;</subfield>
    <subfield code="v">084.</subfield>
    <subfield code="9">61921</subfield>
  </datafield>
  <datafield tag="942" ind1=" " ind2=" ">
    <subfield code="2">ddc</subfield>
    <subfield code="c">BK</subfield>
  </datafield>
  <datafield tag="999" ind1=" " ind2=" ">
    <subfield code="c">360458</subfield>
    <subfield code="d">360458</subfield>
  </datafield>
  <datafield tag="952" ind1=" " ind2=" ">
    <subfield code="0">0</subfield>
    <subfield code="1">0</subfield>
    <subfield code="2">ddc</subfield>
    <subfield code="4">0</subfield>
    <subfield code="6">193SLO_PE_CR_PPV_23396</subfield>
    <subfield code="7">1</subfield>
    <subfield code="a">CINISELLO</subfield>
    <subfield code="b">CINISELLO</subfield>
    <subfield code="d">2025-03-21</subfield>
    <subfield code="l">0</subfield>
    <subfield code="o">193-SLO pe cr (ppv 23396)</subfield>
    <subfield code="p">9788860306234</subfield>
    <subfield code="r">2025-03-21 12:03:10</subfield>
    <subfield code="w">2025-03-21</subfield>
    <subfield code="y">BK</subfield>
  </datafield>
</record>
